Central Library OPAC University of Rajshahi
Normal view MARC view

Entry Personal Name

Number of records used in: 2

001 - CONTROL NUMBER

  • control field: 8529

003 - CONTROL NUMBER IDENTIFIER

  • control field: BD-RjUL

005 - DATE AND TIME OF LATEST TRANSACTION

  • control field: 20230824113114.0

008 - FIXED-LENGTH DATA ELEMENTS

  • fixed length control field: 230824|| aca||aabn | a|a d

040 ## - CATALOGING SOURCE

  • Original cataloging agency: BD-RjUL
  • Transcribing agency: BD-RjUL

100 ## - HEADING--PERSONAL NAME

  • Personal name: Munīr Shikohābādī, Sayyid Ismāʻīl Ḥusain,
  • Dates associated with a name: 1813- 1879 or 1880
  • General subdivision: Criticism and interpretation

670 ## - SOURCE DATA FOUND

  • Source citation: Work cat.: (BD-RjUL)81761: Jasmine, Zahra Begum ;; ياسمين، زهره بىگم 8528, منىر شکوه آبادى : سوانح حىات و کلام پر تبصره ;; Munīr Shikohābādī : savāniḥ-i ḥayāt va kalām par tabṣirah /, 1970